000 00641nam a22002177a 4500
005 20170124110053.0
010 _aB-079009
020 _a8125914536
_c00.00
035 _aB-079009
037 _bCen Lib/Ret
040 _aDPL
_bEN
082 _a658.001
_bJAI
100 _aJain, Jeetendra
_925937
245 _aSack the ce /
_cby Jeetendra Jain
260 _aNew Delhi
_bVikas Publishing House Pvt Ltd.
_c2003
270 _a5, Ansari Road
_bNew Delhi
_e110002
300 _axviii,250p.
_c20cm(Hb)
650 _aCharacters
_9104334
650 _aCharacter -- Assassinations
_9104335
942 _2ddc
_cEN
_h658.001
_mJAI
999 _c129287
_d129287